[Event "R1B5 Villeneuve-Tolosane - Muret"]
[Site "Villeneuve-Tolosane"]
[Date "2004.02.01"]
[Round "5.6"]
[White "Barraud, Claudine"]
[Black "Faure, Stéphane"]
[Result "0-1"]
[WhiteElo "1260"]
[BlackElo "1490"]
[EventDate "2004.??.??"]
[PlyCount "100"]

1.e4 c5 2.Nf3 Nc6 3.Bc4 d6 4.Nc3 Nf6 5.O-O g6 6.Re1 Bg7 7.d3 Bg4 8.Bg5 Nd4
9.Re3 Qc8 10.Qd2 Nh5 11.Nd5 Nxf3+ 12.gxf3 f6 13.Bh4 Bxf3 14.Rxf3 Qg4+ 15.
Bg3 Qxf3 16.Nc7+ Kd7 17.Nxa8 Rxa8 18.a3 Nxg3 19.fxg3 f5 20.Rf1 Bd4+ 21.Rf2
Bxf2+ 22.Qxf2 Qxf2+ 23.Kxf2 fxe4 24.dxe4 Rf8+ 25.Ke3 a6 26.a4 Rf6 27.b3 e6
28.g4 g5 29.h3 Kc6 30.Bd3 h6 31.Be2 d5 32.exd5+ exd5 33.Bf3 Rf4 34.c3 Kd6 
35.Bg2 b5 36.a5 d4+ 37.cxd4 Rxd4 38.Bb7 Rb4 39.Bxa6 Rxb3+ 40.Ke4 c4 41.Kd4
Rd3+ 42.Ke4 Kc5 43.Bb7 Rd4+ 44.Kf5 c3 45.Be4 Ra4 46.Kg6 Rxe4 47.Kxh6 c2 
48.Kxg5 c1=Q+ 49.Kh5 Re5+ 50.g5 Qxg5# 0-1

[Event "R1B5 Villeneuve-Tolosane - Muret"]
[Site "Villeneuve-Tolosane"]
[Date "2004.02.01"]
[Round "5.5"]
[White "Rashoev, Rezo"]
[Black "Jammot, Jean-Louis"]
[Result "1/2-1/2"]
[WhiteElo "1499"]
[BlackElo "1499"]
[EventDate "2004.??.??"]
[PlyCount "83"]

1.d4 d5 2.Nf3 Bg4 3.Nbd2 Nf6 4.h3 Bd7 5.g3 e6 6.a3 c5 7.e3 Nc6 8.c4 Qb6 9.
Qb3 Qxb3 10.Nxb3 cxd4 11.cxd5 exd5 12.exd4 b6 13.Bg2 Bd6 14.O-O O-O 15.Bg5
Ne4 16.Be3 h6 17.Nfd2 Nxd2 18.Bxd2 Be6 19.Rac1 Rac8 20.Be3 Nb8 21.f4 Bf5 
22.Bxd5 Bxh3 23.Rf2 Rfe8 24.Bd2 Rxc1+ 25.Nxc1 Be6 26.Bf3 Nd7 27.d5 Bf5 28.
Ne2 Bc5 29.Kg2 Bxf2 30.Kxf2 Nc5 31.Kg2 Be4 32.Nd4 Bxf3+ 33.Kxf3 Rd8 34.Nf5
Kh7 35.Ne3 Nb7 36.Bc3 g6 37.Ng4 g5 38.f5 Nd6 39.Nf6+ Kg7 40.Ne4+ Kh7 41.
Nf6+ Kg7 42.Ne4+ 1/2-1/2

[Event "R1B5 Villeneuve-Tolosane - Muret"]
[Site "Villeneuve-Tolosane"]
[Date "2004.02.01"]
[Round "5.4"]
[White "Jammot, Thimothée"]
[Black "Doustens, Jean-Jacques"]
[Result "1-0"]
[WhiteElo "1630"]
[BlackElo "1530"]
[EventDate "2004.??.??"]
[PlyCount "103"]

1.d4 e6 2.c4 d6 3.Nc3 c6 4.Nf3 Nf6 5.Bg5 Nbd7 6.e3 Be7 7.Bd3 Qc7 8.Qc2 O-O
9.Bxh7+ Kh8 10.Ne4 d5 11.cxd5 exd5 12.Nxf6 Nxf6 13.Bxf6 Bxf6 14.Bf5 Bxf5 
15.Qxf5 Qa5+ 16.Kd1 Qb4 17.b3 a5 18.Rb1 a4 19.Ng5 Bxg5 20.Qxg5 Qa3 21.Qh5+
Kg8 22.Qe2 axb3 23.axb3 Qb4 24.Qc2 Ra3 25.Qc5 Qxc5 26.dxc5 Ra2 27.Rf1 Rfa8
28.Kc1 R8a5 29.b4 R5a3 30.Rb2 Ra1+ 31.Rb1 Rxb1+ 32.Kxb1 Rb3+ 33.Kc2 Rxb4 
34.Kd2 Kf8 35.Rc1 Ke7 36.Kd3 Kd7 37.f4 Kc7 38.g4 Ra4 39.h4 Re4 40.g5 g6 
41.Rc2 b5 42.cxb6+ Kxb6 43.Rb2+ Kc7 44.Ra2 Kb7 45.Rb2+ Kc7 46.Rh2 c5 47.h5
c4+ 48.Kd2 c3+ 49.Kxc3 Rxe3+ 50.Kd4 Re4+ 51.Kxd5 Rxf4 52.h6 1-0

[Event "R1B5 Villeneuve-Tolosane - Muret"]
[Site "Villeneuve-Tolosane"]
[Date "2004.02.01"]
[Round "5.3"]
[White "Taïeb, Marcel"]
[Black "Heude, Jean-Noël"]
[Result "1/2-1/2"]
[WhiteElo "1600"]
[BlackElo "1549"]
[EventDate "2004.??.??"]
[PlyCount "37"]

1.d4 d5 2.c4 c6 3.Nc3 Nf6 4.Bg5 Bf5 5.e3 Nbd7 6.Qb3 Qb6 7.Qxb6 Nxb6 8.Bxf6
gxf6 9.cxd5 cxd5 10.Bb5+ Bd7 11.Bxd7+ Kxd7 12.Nge2 e5 13.O-O a6 14.Rfd1 
Ke6 15.b3 Ba3 16.Rab1 Rac8 17.g3 Rhg8 18.Kf1 h5 19.h4 1/2-1/2

[Event "R1B5 Villeneuve-Tolosane - Muret"]
[Site "Villeneuve-Tolosane"]
[Date "2004.02.01"]
[Round "5.2"]
[White "Doyen, Jean-Marie"]
[Black "Brochet, Thierry"]
[Result "1-0"]
[WhiteElo "1649"]
[BlackElo "1750"]
[EventDate "2004.??.??"]
[PlyCount "57"]

1.d4 Nf6 2.c4 g6 3.Nc3 Bg7 4.e4 d6 5.f3 O-O 6.Nge2 c5 7.d5 e5 8.Bg5 h6 9.
Bh4 g5 10.Bf2 Nh5 11.g4 Nf4 12.h4 Bf6 13.hxg5 Bxg5 14.Nxf4 Bxf4 15.Qc2 a6 
16.Bh4 Bg5 17.Bxg5 Qxg5 18.Qd2 Qxd2+ 19.Kxd2 Kg7 20.Bd3 Nd7 21.Na4 Rb8 22.
Rh4 b5 23.cxb5 axb5 24.Nc3 {c425. Bc2 Nc5 a3} 24...b4 {axb4 Rxb4} 25.Na4 {
Nb3+ Bxb3 cxb3 Nc3Bb7 Ke3 Rc4 Ra4 Rfc8 Rxc4 Rxc4 Rh1 Rb4 Ra1} 25...Kg6 {
Ra4 Rxa4 Nxa4 h5 gxh5+ Kxh5} 26.Nc3 Ba6 27.Nb1 Bb5 {Nd2Kg5 Nxb3 f5 Na5} 
28.f4 {Kf2} 28...Ba6 {b4 Kf6 Nc6 Kf7 Ke1Ke8 Kd2} 29.Bb5 {Na5 Ba6 les 
feuilles de parties sont incomplète sà partir de ce coup, il n'a pas été 
posible de reconstituer la fin departie.} 1-0

[Event "R1B5 Villeneuve-Tolosane - Muret"]
[Site "Villeneuve-Tolosane"]
[Date "2004.02.01"]
[Round "5.1"]
[White "Lamy, Loïc"]
[Black "Pillot, Patrice"]
[Result "1-0"]
[WhiteElo "1980"]
[BlackElo "1599"]
[EventDate "2004.??.??"]
[PlyCount "25"]

1.e4 e5 2.f4 exf4 3.Nf3 d6 4.Bc4 Be7 5.O-O Nf6 6.Nc3 O-O 7.d4 d5 8.Nxd5 
Nxd5 9.Bxd5 Bg5 10.Nxg5 Qxg5 11.Bxf4 Qe7 12.Qh5 Be6 13.Bxb7 1-0

[Event "R1A5 - Albi - Castelsarrasin-Moissac"]
[Site "?"]
[Date "2004.02.01"]
[Round "5.6"]
[White "Dirat, Sylvain"]
[Black "De Baralle, Michel"]
[Result "1-0"]
[WhiteElo "1690"]
[BlackElo "1580"]
[EventDate "2004.??.??"]
[PlyCount "155"]

1.d4 d5 2.Bg5 Nd7 3.Nc3 c6 4.e3 Ngf6 5.Bd3 e6 6.a3 Be7 7.Nf3 O-O 8.O-O c5 
9.b3 cxd4 10.exd4 Qc7 11.Nb5 Qd8 12.Re1 a6 13.Nc3 Qc7 14.Qd2 h6 15.Bf4 Qd8
16.Ne5 Nxe5 17.dxe5 Nd7 18.Bxh6 f5 19.Bf4 g5 20.Be3 Nxe5 21.Bd4 Nxd3 22.
Qxd3 Bf6 23.Re2 Bxd4 24.Qxd4 Qf6 25.Qxf6 Rxf6 26.Rae1 Bd7 27.f3 Rc8 28.Nd1
Kg7 29.Nf2 Rh8 30.Nd3 Rfh6 31.g3 Re8 32.Nc5 Bc8 33.Re5 Kf7 34.Na4 Re7 35.
R1e3 Rc7 36.Re2 Rc6 37.b4 b6 38.R5e3 Bd7 39.Nb2 Rc7 40.Nd3 Bc8 41.Ne5+ Kf6
42.f4 g4 43.c3 Rh8 44.Rc2 Bb7 45.Rd3 b5 46.Kf1 Rhc8 47.Ke1 Rh7 48.Kd1 Rch8
49.Rdd2 Rc7 50.Kc1 Rhc8 51.Kb2 Ba8 52.Kb3 Bb7 53.Nd3 Ke7 54.Nc5 Kd6 55.Re2
Re8 56.Re5 Bc8 57.Rce2 Rce7 58.Nd3 Rh8 59.Rg2 Bb7 60.Nc5 Bc8 61.a4 Reh7 
62.Ree2 bxa4+ 63.Kxa4 Ra7 64.Ra2 a5 65.Kb3 Rhh7 66.Ra4 axb4 67.Rxa7 Rxa7 
68.cxb4 Ba6 69.Rb2 Bc4+ 70.Kc3 Ra2 71.Rxa2 Bxa2 72.Kd4 Bc4 73.Nb7+ Kc7 74.
Na5 Kb6 75.Nxc4+ dxc4 76.Kxc4 Kc6 77.Kd4 Kb5 78.Ke5 1-0

[Event "R1A5 - Albi - Castelsarrasin-Moissac"]
[Site "?"]
[Date "2004.02.01"]
[Round "5.5"]
[White "Serres, Olivier"]
[Black "Haddab, Roland"]
[Result "1-0"]
[WhiteElo "1660"]
[BlackElo "1640"]
[EventDate "2004.??.??"]
[PlyCount "93"]

1.d4 Nf6 2.c4 e6 3.Nf3 c5 4.d5 exd5 5.cxd5 d6 6.Bg5 Be7 7.e3 a6 8.a4 O-O 
9.Bc4 Bg4 10.Nc3 Nbd7 11.h3 Bh5 12.Bf4 Ne5 13.Bxe5 dxe5 14.e4 Bd6 15.O-O 
Nd7 16.Qd3 Bg6 17.Nh2 f5 18.f3 Rc8 19.b3 Nb6 20.Rab1 Nxc4 21.bxc4 Rb8 22.
Rb3 Bc7 23.Rfb1 b6 24.exf5 Bxf5 25.Ne4 Bxe4 26.fxe4 Qd6 27.Nf3 a5 28.Nh4 
h6 29.Nf5 Qf6 30.Rf1 Bd6 31.Rfb1 Qd8 32.Qg3 Rxf5 33.exf5 e4 34.Qe3 Qh4 35.
Rxb6 Rxb6 36.Rxb6 Bf4 37.Qf2 Qg5 38.Rb3 Be5 39.Qf1 e3 40.g4 h5 41.Qf3 Bd4 
42.Rb8+ Kh7 43.Kg2 Qe7 44.Rb1 Qg5 45.f6 Qxf6 46.Qxf6 gxf6 47.Kf3 1-0

[Event "R1A5 - Albi - Castelsarrasin-Moissac"]
[Site "?"]
[Date "2004.02.01"]
[Round "5.4"]
[White "Rivière, Frédéric"]
[Black "Fabre, Philippe"]
[Result "1/2-1/2"]
[WhiteElo "1850"]
[BlackElo "1720"]
[EventDate "2004.??.??"]
[PlyCount "107"]

1.d4 Nf6 2.c4 g6 3.Nc3 Bg7 4.Nf3 O-O 5.Bf4 d6 6.e3 Nbd7 7.Bd3 Re8 8.O-O 
Nh5 9.Bg3 Nxg3 10.fxg3 e5 11.Qc2 c6 12.Rad1 Qe7 13.b4 Nf6 14.dxe5 dxe5 15.
Be4 Qxb4 16.Nd2 Qc5 17.Rde1 Ng4 18.Nd1 f5 19.Nb3 Qe7 20.Bf3 Nf6 21.e4 fxe4
22.Bxe4 Nxe4 23.Qxe4 Bf5 24.Qe2 Rad8 25.Nf2 Qb4 26.Rd1 a5 27.Kh1 a4 28.Nd2
Bc2 29.Nfe4 Bxd1 30.Rxd1 Qe7 31.h4 Bh6 32.c5 Bxd2 33.Rxd2 Rxd2 34.Qxd2 Rd8
35.Qe2 Kg7 36.Qg4 Rd4 37.Qe2 Qe6 38.Ng5 Qe7 39.Qb2 h6 40.Nf3 Rd5 41.h5 
Rxc5 42.hxg6 Rb5 43.Qc3 Qe6 44.Nh4 Qf6 45.Qd3 Rd5 46.Nf5+ Kh8 47.Qf3 e4 
48.Qh5 Rxf5 49.Qxh6+ Kg8 50.Qh7+ Kf8 51.g7+ Qxg7 52.Qxf5+ Kg8 53.Qe6+ Kh8 
54.Qe8+ 1/2-1/2

[Event "R1A5 - Albi - Castelsarrasin-Moissac"]
[Site "?"]
[Date "2004.02.01"]
[Round "5.3"]
[White "Lefevre, Gérard"]
[Black "Sangoi, Jean-Jacques"]
[Result "0-1"]
[WhiteElo "1800"]
[BlackElo "1810"]
[EventDate "2004.??.??"]
[PlyCount "90"]

1.d4 d5 2.e4 dxe4 3.f3 exf3 4.Nxf3 Bg4 5.c3 e6 6.Bd3 Bd6 7.O-O Nf6 8.Bg5 
Nbd7 9.Qe1 Bxf3 10.Rxf3 Bxh2+ 11.Kh1 Bd6 12.Nd2 h6 13.Qh4 Be7 14.Raf1 Rf8 
15.Bxf6 Bxf6 16.Qh5 Qe7 17.Qb5 O-O-O 18.a4 Qd6 19.a5 c6 20.Qa4 e5 21.Nc4 
Qd5 22.Ne3 Qe6 23.Bf5 Qd6 24.Nc4 Qc7 25.b4 exd4 26.cxd4 Kb8 27.b5 cxb5 28.
Qxb5 Qc6 29.Qb3 Bxd4 30.Rb1 Nc5 31.Qc2 g6 32.Bh3 f5 33.Na3 Rc8 34.Nb5 Be5 
35.Qf2 a6 36.Nd4 Qd5 37.Nxf5 gxf5 38.Bxf5 Rcd8 39.Qe2 Bc7 40.Bg4 Qg5 41.
Rh3 Rd2 42.Qe1 Nd3 43.Rxb7+ Kxb7 44.Rxd3 Rxd3 45.Qb4+ Ka7 0-1

[Event "R1A5 - Albi - Castelsarrasin-Moissac"]
[Site "?"]
[Date "2004.02.01"]
[Round "5.2"]
[White "Catala, Laurent"]
[Black "Schegerin, André"]
[Result "0-1"]
[WhiteElo "2020"]
[BlackElo "1800"]
[EventDate "2004.??.??"]
[PlyCount "122"]

1.e4 e5 2.Nf3 Nc6 3.Bc4 Bc5 4.d3 Nf6 5.Bg5 h6 6.Bh4 g5 7.Bg3 d6 8.Nc3 Na5 
9.Nd2 Bg4 10.f3 Bh5 11.Bb5+ c6 12.Ba4 b5 13.Bb3 Bd4 14.Qe2 Qb6 15.Nd1 Qc7 
16.c3 Bb6 17.Bc2 Bg6 18.Bf2 Nh5 19.g3 Ng7 20.Ne3 f5 21.exf5 Nxf5 22.d4 Qf7
23.Nxf5 Bxf5 24.Bxf5 Qxf5 25.dxe5 Bxf2+ 26.Kxf2 Qxe5 27.Qxe5+ dxe5 28.Rhe1
O-O-O 29.Re2 Rhe8 30.Rae1 Rd5 31.g4 Kd7 32.Ne4 Re6 33.Ng3 Nc4 34.Nf5 a5 
35.Kg3 c5 36.h4 b4 37.cxb4 axb4 38.hxg5 hxg5 39.Rh1 Rd3 40.b3 Nd2 41.Re3 
Rxe3 42.Nxe3 Rd6 43.Rd1 e4 44.fxe4 Nxe4+ 45.Kf3 Nc3 46.Rxd6+ Kxd6 47.Nc4+ 
Kd5 48.a4 bxa3 49.Nxa3 Kd4 50.Nc4 Nb1 51.Ke2 Kc3 52.Ne5 Kxb3 53.Kd1 c4 54.
Kc1 Nc3 55.Kd2 Na2 56.Ke3 c3 57.Nd3 Nb4 58.Nc1+ Kb2 59.Ne2 c2 60.Ke4 Na2 
61.Ke3 Nc3 0-1

[Event "R1A5 - Albi - Castelsarrasin-Moissac"]
[Site "?"]
[Date "2004.02.01"]
[Round "5.1"]
[White "Huchet, ???."]
[Black "Lacroix, Romain"]
[Result "1/2-1/2"]
[WhiteElo "2050"]
[BlackElo "2038"]
[EventDate "2004.??.??"]
[PlyCount "49"]

1.e4 e5 2.Nf3 Nf6 3.Nxe5 d6 4.Nf3 Nxe4 5.d3 Nf6 6.d4 d5 7.Bg5 Be7 8.Bd3 
O-O 9.O-O Bg4 10.Nbd2 Nbd7 11.h3 Bh5 12.c3 c5 13.dxc5 Nxc5 14.Bf5 Nfe4 15.
Bxe7 Qxe7 16.Qc2 Bxf3 17.Nxf3 g6 18.Bxe4 dxe4 19.Nd4 f5 20.Rfe1 Qf7 21.a3 
Rfd8 22.f3 Rac8 23.Qe2 a6 24.fxe4 Nxe4 25.Qf3 1/2-1/2

[Event "R1-2004 Villeneuve-Tolosane - Muret1"]
[Site "Villeneuve-Tolosane"]
[Date "2004.02.01"]
[Round "5"]
[White "Doyen Jean-Marie"]
[Black "Brochet, Thierry"]
[Result "1-0"]
[WhiteElo "1649"]
[BlackElo "1750"]
[EventDate "2004.??.??"]
[PlyCount "98"]

1.d4 Nf6 2.c4 g6 3.Nc3 Bg7 4.e4 d6 5.f3 O-O 6.Nge2 c5 7.d5 e5 8.Bg5 h6 9.
Bh4 g5 10.Bf2 Nh5 11.g4 Nf4 12.h4 Bf6 13.hxg5 Bxg5 14.Nxf4 Bxf4 15.Qc2 a6 
16.Bh4 Bg5 17.Bxg5 Qxg5 18.Qd2 Qxd2+ 19.Kxd2 Kg7 20.Bd3 Nd7 21.Na4 Rb8 22.
Rh4 b5 23.cxb5 axb5 24.Nc3 c4 25.Bc2 Nc5 26.a3 b4 27.axb4 Rxb4 28.Na4 Nb3+
29.Bxb3 cxb3 30.Nc3 Bb7 31.Ke3 Rc4 32.Ra4 Rfc8 33.Rxc4 Rxc4 34.Rh1 Rb4 35.
Ra1 Kg6 36.Ra4 Rxa4 37.Nxa4 h5 38.gxh5+ Kxh5 39.Nc3 Ba6 40.Nb1 Bb5 41.Nd2 
Kg5 42.Nxb3 f5 43.Na5 f4+ 44.Kf2 Ba6 45.b4 Kf6 46.Nc6 Kf7 47.Ke1 Ke8 48.
Kd2 Bb5 49.Na5 Ba6 {les feuilles de parties sont incomplètes à partir de 
ce coup, il n'a pas été posible de reconstituer la fin de partie.} 1-0

[Event "N4 - Rodez / Muret"]
[Site "?"]
[Date "2004.03.14"]
[Round "?"]
[White "Raynal, François"]
[Black "Bouthier, Jacques"]
[Result "0-1"]
[WhiteElo "2105"]
[BlackElo "2011"]
[EventDate "2004.??.??"]
[PlyCount "70"]

1.d4 d5 2.e4 dxe4 3.Nc3 Nf6 4.f3 Nc6 5.Bb5 Bd7 6.fxe4 a6 7.Ba4 e5 8.Bg5 
Nxd4 9.Bxf6 gxf6 10.Bb3 Bb4 11.Qh5 Qe7 12.Nf3 O-O-O 13.O-O Bxc3 14.bxc3 
Ne2+ 15.Kh1 Nxc3 16.Qh4 Bc6 17.Bxf7 Qxf7 18.Nxe5 Qe6 19.Nxc6 Qxc6 20.Rxf6 
Qc4 21.Qf2 Qd4 22.Qf1 Rhg8 23.e5 Qxe5 24.Re1 Qxe1 25.Qxe1 Rd1 26.Qxd1 Nxd1
27.Rf7 Rh8 28.g4 Ne3 29.h3 Nxc2 30.g5 Nb4 31.a3 Nd5 32.h4 Kd8 33.h5 Ke8 
34.Rg7 Ne7 35.Kg2 Rg8 0-1

[Event "N4 - Rodez / Muret"]
[Site "?"]
[Date "2004.03.14"]
[Round "?"]
[White "Rahal, Sami"]
[Black "Cremers, Bertrand"]
[Result "0-1"]
[WhiteElo "1690"]
[BlackElo "1470"]
[EventDate "2004.??.??"]
[PlyCount "153"]

1.d4 Nf6 2.Bf4 d6 3.e3 g6 4.Bd3 Bg7 5.c3 O-O 6.Nd2 Nc6 7.Ne2 e5 8.Bg5 Qe8 
9.Bxf6 Bxf6 10.Qc2 exd4 11.cxd4 Nb4 12.Qb3 Nxd3+ 13.Qxd3 Bf5 14.Qb3 Bg4 
15.f3 Bc8 16.O-O b6 17.Rac1 Qd7 18.Nf4 c5 19.dxc5 dxc5 20.Rcd1 Bb7 21.Ne4 
Qe7 22.Nd5 Bxd5 23.Rxd5 Bg7 24.Rfd1 Rfd8 25.Kf2 Rxd5 26.Qxd5 Re8 27.b3 h6 
28.h3 Kh7 29.Rd3 f5 30.Nd2 f4 31.e4 Bd4+ 32.Ke2 Rd8 33.Qc6 Rd6 34.Qa8 Rd8 
35.Qc6 Rd6 36.Qc8 Rd7 37.Nc4 Qd8 38.Qc6 Qc7 39.Qe6 Re7 40.Qg4 b5 41.Nd2 a5
42.Kd1 Qe5 43.Qc8 Qg5 44.Qd8 Rg7 45.Qxg5 hxg5 46.Nb1 b4 47.Nd2 Ra7 48.Kc2 
a4 49.bxa4 Rxa4 50.Kb1 Kg7 51.Nc4 Ra6 52.Rd2 Kf6 53.Re2 Ke7 54.Kc1 Ke6 55.
Rc2 Bc3 56.Kd1 Bd4 57.Ke2 Bc3 58.Kd3 Bd4 59.Ke2 Bc3 60.g3 Bd4 61.Kf1 Bc3 
62.Kg2 fxg3 63.Kxg3 Bd4 64.Kg4 Kf6 65.e5+ Bxe5 66.Nxe5 Kxe5 67.Rxc5+ Kd4 
68.Rxg5 Rxa2 69.Rxg6 Rg2+ 70.Kf5 Rxg6 71.Kxg6 b3 72.f4 b2 73.h4 b1=Q+ 74.
Kg5 Qg1+ 75.Kf5 Qg7 76.h5 Qh6 77.Kg4 0-1

[Event "N4 - Rodez / Muret"]
[Site "?"]
[Date "2004.03.14"]
[Round "?"]
[White "Partinico, Jérémy"]
[Black "Besset, Thierry"]
[Result "1-0"]
[WhiteElo "1880"]
[BlackElo "1750"]
[EventDate "2004.??.??"]
[PlyCount "124"]

1.e4 e5 2.Nf3 d5 3.Nxe5 Bd6 4.d4 dxe4 5.Bc4 Bxe5 6.dxe5 Qxd1+ 7.Kxd1 Nc6 
8.Re1 Bf5 9.Bf4 Nge7 10.Nc3 Ng6 11.Bg5 h6 12.Bd2 O-O-O 13.Bxf7 Ngxe5 14.
Bd5 Ng4 15.Bxc6 Nxf2+ 16.Kc1 bxc6 17.Rf1 Rhe8 18.b3 e3 19.Bxe3 Rxe3 20.
Rxf2 Rxc3 21.Rxf5 Re3 22.Rf2 c5 23.Kb2 Kb7 24.Raf1 Re7 25.Kc3 Kc6 26.a4 
Re3+ 27.Kb2 Re7 28.h3 Rdd7 29.Kc1 Re4 30.Rf7 Rde7 31.Rxe7 Rxe7 32.Kd2 Rd7+
33.Kc3 Re7 34.Rf2 Re3+ 35.Kd2 Re7 36.Rf3 a5 37.Re3 Rd7+ 38.Ke2 Rd6 39.Re8 
g6 40.Ke3 Kb7 41.g4 Rd1 42.Rh8 c4 43.Rxh6 cxb3 44.cxb3 Rb1 45.Rxg6 Rxb3+ 
46.Kd4 Rxh3 47.Kc5 Rb3 48.Kc4 Rb4+ 49.Kc5 Rxa4 50.Kb5 Ra1 51.Rf6 c6+ 52.
Kc4 Rg1 53.Rg6 Rb1 54.Rg5 Rb4+ 55.Kc3 Kb6 56.Rg8 c5 57.g5 Kc6 58.g6 Kd7 
59.g7 Rg4 60.Ra8 Rg3+ 61.Kc4 Rg4+ 62.Kb5 Rb4+ 1-0

[Event "N4 - Rodez / Muret"]
[Site "?"]
[Date "2004.03.14"]
[Round "?"]
[White "Nghiem, Luat"]
[Black "Pastorelli, Loïc"]
[Result "1-0"]
[WhiteElo "2020"]
[BlackElo "1890"]
[EventDate "2004.??.??"]
[PlyCount "67"]

1.e4 c5 2.Nf3 Nc6 3.d4 cxd4 4.Nxd4 e5 5.Nb5 d6 6.N1c3 a6 7.Na3 b5 8.Nd5 
Nge7 9.Bg5 h6 10.Bh4 Qa5+ 11.c3 Nxd5 12.Qxd5 Qc7 13.Nc2 Bb7 14.Qd2 Ne7 15.
Bd3 Ng6 16.Bg3 Be7 17.O-O O-O 18.Ne3 Bg5 19.Rad1 Rad8 20.Qe2 Nf4 21.Bxf4 
exf4 22.Nd5 Qa5 23.Bb1 Rde8 24.Qg4 Re5 25.h4 f5 26.exf5 Bxh4 27.Nxf4 Bf6 
28.Ng6 Rfe8 29.Nxe5 dxe5 30.Rd7 Bc8 31.Rd6 Rf8 32.Rfd1 Qc7 33.Be4 Qc4 34.
Bd5+ 1-0

[Event "N4 - Rodez / Muret"]
[Site "?"]
[Date "2004.03.14"]
[Round "?"]
[White "Donadille, Romuald"]
[Black "Costes, Laurent"]
[Result "1-0"]
[WhiteElo "1720"]
[BlackElo "1780"]
[EventDate "2004.??.??"]
[PlyCount "41"]

1.e4 e5 2.Nf3 d6 3.Bc4 Bg4 4.d3 Bxf3 5.Qxf3 Qf6 6.Nc3 c6 7.Qg4 Ne7 8.f4 
exf4 9.Bxf4 b5 10.Bb3 Qg6 11.Qf3 Nd7 12.O-O Nc5 13.e5 d5 14.Be3 Nxb3 15.
axb3 a6 16.Ne2 Qe6 17.Nd4 Qxe5 18.Qxf7+ Kd8 19.Rae1 Rc8 20.Ne6+ Kd7 21.Bb6
1-0

[Event "N4 - Rodez / Muret"]
[Site "?"]
[Date "2004.03.14"]
[Round "?"]
[White "Carpentier, Jean-Christophe"]
[Black "Tanguy, Fabien"]
[Result "1/2-1/2"]
[WhiteElo "2087"]
[BlackElo "2086"]
[EventDate "2004.??.??"]
[PlyCount "36"]

1.e4 g6 2.d4 Bg7 3.Nc3 d6 4.f4 c6 5.Nf3 Nf6 6.Bd3 Qb6 7.Na4 Qc7 8.O-O O-O 
9.Kh1 c5 10.Nc3 cxd4 11.Nb5 Qc5 12.Nbxd4 Ng4 13.c3 e5 14.Nb3 Nf2+ 15.Kg1 
Nh3+ 16.Kh1 Nf2+ 17.Kg1 Nh3+ 18.Kh1 Nf2+ 1/2-1/2

[Event "N4 - Rodez / Muret"]
[Site "?"]
[Date "2004.03.14"]
[Round "?"]
[White "Camilleri, Hervé"]
[Black "Cuq, Christian"]
[Result "1-0"]
[WhiteElo "1790"]
[BlackElo "1700"]
[EventDate "2004.??.??"]
[PlyCount "111"]

1.e4 e5 2.Nf3 Nc6 3.Bc4 Nf6 4.Nc3 Bc5 5.d3 h6 6.O-O O-O 7.Be3 Be7 8.h3 a6 
9.Qd2 Nh7 10.Nd5 b5 11.Nxe7+ Nxe7 12.Bb3 d6 13.d4 Bb7 14.dxe5 Bxe4 15.exd6
Qxd6 16.Qxd6 cxd6 17.Nd2 Bb7 18.Rfe1 Nf5 19.Bf4 Nf6 20.c3 Nh4 21.f3 Ng6 
22.Bg3 Nh5 23.Bh2 Rfe8 24.Rad1 Rxe1+ 25.Rxe1 Bc6 26.Kf2 d5 27.Bc2 Re8 28.
Rxe8+ Bxe8 29.Nb3 Nhf4 30.Nc5 a5 31.h4 Ne6 32.Bxg6 Nxc5 33.Bc2 Nb7 34.Ke3 
a4 35.b4 axb3 36.axb3 f6 37.Kd4 Bc6 38.b4 Kf7 39.Bc7 g6 40.g4 h5 41.gxh5 
gxh5 42.Bf5 Ke7 43.Bg6 Kd7 44.Bg3 Nd6 45.Kc5 Nb7+ 46.Kb6 Nd6 47.Bxh5 Nc4+ 
48.Kc5 Ne5 49.Bg4+ Kc7 50.Bxe5+ fxe5 51.h5 e4 52.f4 e3 53.Kd4 Bd7 54.Be2 
Bf5 55.Kxe3 Kc6 56.Bd3 1-0

[Event "D4R6 Colomiers-Cahors"]
[Site "Cahors"]
[Date "2004.03.14"]
[Round "6.8"]
[White "Salvignac, Remy"]
[Black "Avdagic, Ajdin"]
[Result "0-1"]
[WhiteElo "1650"]
[BlackElo "1299"]
[EventDate "2004.??.??"]
[PlyCount "127"]

1.d4 d5 2.Nf3 Bf5 3.e3 e6 4.Nbd2 Nf6 5.Be2 a6 6.O-O Nc6 7.a3 Bd6 8.c4 Ne4 
9.c5 Nxd2 10.Bxd2 Be7 11.Bc3 b6 12.Qa4 b5 13.Qd1 O-O 14.Nd2 Re8 15.b4 Bf6 
16.Nf3 Ne7 17.a4 c6 18.axb5 axb5 19.Qb3 Qc7 20.Qb2 Ng6 21.Rxa8 Rxa8 22.Ra1
Qb7 23.h3 Nh4 24.Nh2 Bg6 25.Rxa8+ Qxa8 26.Qa1 Qxa1+ 27.Bxa1 Bg5 28.Kf1 Be4
29.f3 Bc2 30.Kf2 Nf5 31.f4 Bh4+ 32.Kg1 Nxe3 33.Nf3 Bg3 34.Ne5 Nc4 35.Nxc6 
Kf8 36.Na7 Ba4 37.f5 Ke8 38.Nc6 Kd7 39.Na5 Bc7 40.Nxc4 dxc4 41.fxe6+ fxe6 
42.Kf2 g5 43.Bc3 h6 44.Kf3 Bc2 45.Kg4 Bg6 46.Kf3 Bf4 47.Kf2 Kc6 48.Bf3+ 
Kc7 49.g3 Bc1 50.Bg4 Bf7 51.Kf3 h5 52.h4 hxg4+ 53.Kxg4 gxh4 54.gxh4 Be8 
55.Kf3 Bg6 56.Ke2 Bh5+ 57.Kf2 Kc6 58.Kg3 Be3 59.Kg2 Kd5 60.Kf1 Be8 61.Ke2 
Bxd4 62.Bd2 c3 63.Be1 Kc4 64.h5 0-1

[Event "D4R6 Colomiers-Cahors"]
[Site "Cahors"]
[Date "2004.03.14"]
[Round "6.7"]
[White "Amblard, Philippe"]
[Black "Van Hall, Pieter"]
[Result "1-0"]
[WhiteElo "1490"]
[BlackElo "1690"]
[EventDate "2004.??.??"]
[PlyCount "75"]

1.e4 c5 2.c3 d5 3.exd5 Qxd5 4.d4 Nf6 5.Nf3 Bg4 6.Be2 Nc6 7.dxc5 Qxc5 8.Be3
Qd5 9.Qxd5 Nxd5 10.Bd2 e6 11.b4 Be7 12.O-O Bf6 13.a3 O-O 14.Ra2 Bf5 15.c4 
Nde7 16.Nc3 Rfd8 17.h3 Rxd2 18.Rxd2 Bxc3 19.Rd7 Kf8 20.Rxb7 e5 21.Rd1 Nd4 
22.Nxd4 Bxd4 23.Bf3 Rd8 24.Kf1 Ke8 25.c5 e4 26.Be2 Nc6 27.g4 Bc8 28.Rc7 
Ne5 29.Rxc8 Rxc8 30.Rxd4 Nc6 31.Rxe4+ Kd7 32.g5 Ne7 33.Bc4 Ke8 34.Bb5+ Kf8
35.Rd4 Nc6 36.Bxc6 Rxc6 37.f4 a6 38.Kf2 1-0

[Event "D4R6 Colomiers-Cahors"]
[Site "Cahors"]
[Date "2004.03.14"]
[Round "6.6"]
[White "Daval, Christophe"]
[Black "Blesing, Alicia"]
[Result "1/2-1/2"]
[WhiteElo "1720"]
[BlackElo "1520"]
[EventDate "2004.??.??"]
[PlyCount "63"]

1.e4 c5 2.Nc3 d6 3.f4 Nc6 4.Nf3 a6 5.d3 e5 6.fxe5 dxe5 7.Be3 Nf6 8.h3 Be7 
9.Be2 Qc7 10.O-O Be6 11.Ng5 Nd4 12.Nxe6 Nxe6 13.Nd5 Nxd5 14.exd5 Nd4 15.c4
O-O 16.Bxd4 exd4 17.Bg4 Bg5 18.Qf3 Rfe8 19.Rae1 Be3+ 20.Kh1 Re7 21.a3 g6 
22.Qf6 Rd8 23.Bd1 Rd6 24.Qf3 f5 25.g4 Rf6 26.Qg2 Rg7 27.Qh2 Qxh2+ 28.Kxh2 
f4 29.Bf3 g5 30.b4 Rc7 31.Rb1 b5 32.Rfe1 1/2-1/2

[Event "D4R6 Colomiers-Cahors"]
[Site "Cahors"]
[Date "2004.03.14"]
[Round "6.5"]
[White "Moiseyev, Vlas"]
[Black "Thamier, Stephan"]
[Result "1/2-1/2"]
[WhiteElo "1499"]
[BlackElo "1870"]
[EventDate "2004.??.??"]
[PlyCount "53"]

1.e4 e5 2.Nf3 Nc6 3.Bb5 d6 4.O-O Nf6 5.Re1 Be7 6.d4 exd4 7.Nxd4 Bd7 8.Nc3 
O-O 9.Nf5 Re8 10.Bg5 a6 11.Nxe7+ Nxe7 12.Bf1 Ng4 13.h3 f6 14.Bh4 Ne5 15.f4
N5c6 16.Bc4+ Kh8 17.f5 Ne5 18.Bb3 Rf8 19.Nd5 Be8 20.Nf4 Bf7 21.Ne6 Bxe6 
22.Bxe6 N5c6 23.c3 Qe8 24.Qe2 Nd8 25.Bb3 Rb8 26.Red1 Nec6 27.a4 1/2-1/2

[Event "D4R6 Colomiers-Cahors"]
[Site "Cahors"]
[Date "2004.03.14"]
[Round "6.4"]
[White "Van Steenbergen, Alain"]
[Black "Artis, Paul"]
[Result "1/2-1/2"]
[WhiteElo "1850"]
[BlackElo "1560"]
[EventDate "2004.??.??"]
[PlyCount "106"]

1.e4 c6 2.d4 d5 3.Nc3 dxe4 4.Nxe4 Bf5 5.Ng3 Bg6 6.Nf3 Nd7 7.h4 h6 8.h5 Bh7
9.Bd3 Bxd3 10.Qxd3 e6 11.Bd2 Ngf6 12.Qe2 Qc7 13.O-O-O O-O-O 14.Ne5 Nxe5 
15.dxe5 Nd5 16.c4 Nb4 17.Kb1 Qb6 18.Bc3 Bc5 19.Ne4 Kb8 20.Rxd8+ Rxd8 21.
Rd1 Bd4 22.c5 Qa5 23.Rxd4 Qxa2+ 24.Kc1 Qa1+ 25.Kd2 Rxd4+ 26.Bxd4 Qb1 27.
Bc3 Nd5 28.Qd3 Qh1 29.Qf3 Qh4 30.Nd6 f5 31.exf6 gxf6 32.Ne8 e5 33.Nxf6 
Qg5+ 34.Kc2 Nxf6 35.Qe3 Qf5+ 36.Kb3 Ng4 37.Qd2 Qe6+ 38.Kb4 Kc7 39.Qe2 e4 
40.f3 Nf6 41.Bxf6 Qxf6 42.fxe4 Qd4+ 43.Kb3 Qxc5 44.Qf3 Qe5 45.g4 a5 46.
Qf7+ Kb6 47.Qf5 Qg3+ 48.Ka2 a4 49.Qe6 Qe3 50.e5 Kb5 51.Qd6 b6 52.e6 Qb3+ 
53.Kb1 a3 1/2-1/2

[Event "D4R6 Colomiers-Cahors"]
[Site "Cahors"]
[Date "2004.03.14"]
[Round "6.3"]
[White "Alladaye, Rene"]
[Black "Canivet, Christophe"]
[Result "1-0"]
[WhiteElo "1740"]
[BlackElo "1840"]
[EventDate "2004.??.??"]
[PlyCount "57"]

1.Nf3 Nc6 2.d3 d5 3.g3 e5 4.Nbd2 e4 5.dxe4 dxe4 6.Nxe4 Qxd1+ 7.Kxd1 Bf5 8.
Ned2 O-O-O 9.c3 Bc5 10.Ke1 Nf6 11.Ng5 Ng4 12.e3 Nce5 13.h3 Bxe3 14.hxg4 
Bxg5 15.gxf5 Bxd2+ 16.Bxd2 Nf3+ 17.Ke2 Nxd2 18.f3 Nc4 19.Kf2 Rd2+ 20.Kg1 
Nxb2 21.Rh2 Rxh2 22.Kxh2 Rd8 23.Re1 Nd1 24.Re7 Rd2+ 25.Kh3 Nf2+ 26.Kh4 
Rxa2 27.Rxf7 g6 28.f6 Nd1 29.Bh3+ 1-0

[Event "D4R6 Colomiers-Cahors"]
[Site "Cahors"]
[Date "2004.03.14"]
[Round "6.2"]
[White "Nivat, Alain"]
[Black "Artis, Francois"]
[Result "1-0"]
[WhiteElo "1980"]
[BlackElo "1670"]
[EventDate "2004.??.??"]
[PlyCount "61"]

1.e4 c5 2.d4 cxd4 3.c3 d3 4.Bxd3 d6 5.f4 a6 6.Nf3 Nc6 7.O-O e6 8.Na3 Nf6 
9.e5 Nd5 10.Nc4 b5 11.Nxd6+ Bxd6 12.exd6 Qxd6 13.Ng5 Nf6 14.Be3 Qc7 15.Bc5
Ne7 16.Bd4 Ng6 17.Bxf6 gxf6 18.Ne4 Ke7 19.f5 exf5 20.Ng3 f4 21.Re1+ Kf8 
22.Qh5 Bd7 23.Qh6+ Kg8 24.Nh5 Qc5+ 25.Kh1 Qxh5 26.Qxh5 Kg7 27.Be4 Rac8 28.
Rad1 Be6 29.Bf5 Rc5 30.Rxe6 Rxf5 31.Qxf5 1-0